000 00755nam a2200229Ia 4500
003 OSt
005 20220923230710.0
006 a|||||r|||| 00| 0
007 ta
008 Pun
024 _a304,835
037 _cTextual
040 _aARTS
_cARTS
_bPun
041 _2Pun
_aPun
082 _aV23696:2501wM96, 153K7
100 _aਗੁੱਜਰਵਾਲ, ਗਿਆਨੀ ਨਾਹਰ ਸਿੰਘ
245 0 _aਦੈF - ਭਗਤ Fਹੀਦ
_b ਸਰਦਾਰ ਕਰਤਾਰ ਸਿੰਘ ਸਗ੍ਹਬਾ
260 _c1967
650 _aਭਾਰਤੀਯ ਇਤਿਹਾਸ
942 _hV23696:2501wM96, 153K7
_cTEXL
_2CC
999 _c386642
_d386642